000
00303nam a22001217a 4500
008
160425b xxu||||| |||| 00| 0 eng d
020
_a
9780766850149
020
_a
0766850145
041
_a
eng
080
_a
618.2
245
_a
Pediatric nursing :
_c
Nicki L.Potts; Barbara L. Mandleco;
942
_2
udc
_c
BK
999
_c
1569
_d
1569